Faculty of Law Library — Cairo University

Official Online Catalog

Protocols Additional To The Geneva Conventions Of 12 August 1949 / (Record no. 47462)

MARC details
000 -LEADER
fixed length control field 01144nam a2200301 i 4500
003 - CONTROL NUMBER IDENTIFIER
control field EG-GICUC
005 - DATE AND TIME OF LATEST TRANSACTION
control field 20260121101408.0
008 - FIXED-LENGTH DATA ELEMENTS--GENERAL INFORMATION
fixed length control field 251130s1977 sz ad||fr|||| 000 0 eng d
040 ## - CATALOGING SOURCE
Original cataloging agency EG-GiCUC
Language of cataloging eng
Transcribing agency EG-GiCUC
Modifying agency EG-GiCUC
Description conventions rda
041 ## - LANGUAGE CODE
Language code of text/sound track or separate title eng
082 04 - DEWEY DECIMAL CLASSIFICATION NUMBER
Edition number 21
Classification number 341.33
Item number PR
092 04 - LOCALLY ASSIGNED DEWEY CALL NUMBER (OCLC)
Edition number 21
099 ## - LOCAL FREE-TEXT CALL NUMBER (OCLC)
Classification number Law1 11 341.33 PR 1977
245 00 - TITLE STATEMENT
Title Protocols Additional To The Geneva Conventions Of 12 August 1949 /
Statement of responsibility, etc. International Committee Of The Red Cross.
264 #3 - PRODUCTION, PUBLICATION, DISTRIBUTION, MANUFACTURE, AND COPYRIGHT NOTICE
Place of production, publication, distribution, manufacture Geneva :
Name of producer, publisher, distributor, manufacturer International Committee Of The Red Cross,
Date of production, publication, distribution, manufacture, or copyright notice 1977.
300 ## - PHYSICAL DESCRIPTION
Extent 124 pages :
Other physical details colored illustrations, tables, and charts ;
Dimensions 24 cm.
336 ## - CONTENT TYPE
Source rda content
Content type term text
337 ## - MEDIA TYPE
Source rda media
Media type term Computer
338 ## - CARRIER TYPE
Source rda carrier
Carrier type term Online Resource
500 ## - GENERAL NOTE
General note Resolutions Of The Diplomatic Conference.
500 ## - GENERAL NOTE
General note Extracts From The Final Act Of The Diplomatic Conference.
650 14 - SUBJECT ADDED ENTRY--TOPICAL TERM
Topical term or geographic name entry element Public international law
651 1# - SUBJECT ADDED ENTRY--GEOGRAPHIC NAME
Source of heading or term qrmak
711 ## - ADDED ENTRY--MEETING NAME
Meeting name or jurisdiction name as entry element (Protocols Additional To The Geneva Conventions Of 12 August 1949 :
Date of meeting or treaty signing 1977 :
Location of meeting Geneva ).
856 40 - ELECTRONIC LOCATION AND ACCESS
Uniform Resource Identifier <a href="https://fll.law.cu.edu.eg/fulltext/bks/B11-05856.pdf">https://fll.law.cu.edu.eg/fulltext/bks/B11-05856.pdf</a>
905 ## - Cataloger and Reviser Names
Cataloger Name: Eman Ibrahim
Revisor Name: Hassnaa
942 ## - ADDED ENTRY ELEMENTS (KOHA)
Source of classification or shelving scheme Dewey Decimal Classification
Koha item type Books
Edition 21
Suppress in OPAC No
Holdings
Withdrawn status Lost status Source of classification or shelving scheme Damaged status Not for loan Collection Home library Current library Date acquired Total checkouts Full call number Barcode Date last seen Copy number Price effective from Koha item type
    Dewey Decimal Classification   Not for loan القانون الدولي العام جــــامعة القــاهرة مكتبة كلية الحقوق - المبنى الرئيسي 30.11.2025   Law1 11 341.33 PR 1977 1105856 C1 B11-05856 30.11.2025 1 30.11.2025 Books

© All rights reserved — Faculty of Law, Cairo University